Normal view
MARC view
Entry Personal Name
001 - CONTROL NUMBER
- control field: 10716
003 - CONTROL NUMBER IDENTIFIER
- control field: BD-RjUL
005 - DATE AND TIME OF LATEST TRANSACTION
- control field: 20231226142749.0
008 - FIXED-LENGTH DATA ELEMENTS
- fixed length control field: 231226|| aca||aabn | a|a d
040 ## - CATALOGING SOURCE
- Original cataloging agency: BD-RjUL
- Transcribing agency: BD-RjUL
100 ## - HEADING--PERSONAL NAME
- Personal name: Ibrahim, Ibrahim,
- Dates associated with a name: 1932-
670 ## - SOURCE DATA FOUND
- Source citation: Work cat.: (BD-RjUL)82545: دراسات في الإقتصاد والسياسة والقانون ;;;dirasat fi al'iiqtisad walsiyasat walqanun / :